logo

Bir Sreshtho Munshi Abdur Rouf Library
Jhenaidah Cadet College

Fall of Ershad and Rule of Shahabuddin ; (Record no. 1955)

MARC details
000 -LEADER
fixed length control field 00666nam a2200241 a 4500
001 - CONTROL NUMBER
JCCL Control Number 1955
003 - CONTROL NUMBER IDENTIFIER
JCCL marc code BD-JhCC
005 - DATE AND TIME OF LATEST TRANSACTION
control field 20171026191342.0
008 - FIXED-LENGTH DATA ELEMENTS--GENERAL INFORMATION
fixed length control field 171026s2000 bg |||| |||| 000 0 eng d
020 ## - INTERNATIONAL STANDARD BOOK NUMBER
International Standard Book Number 9844014166
035 ## - SYSTEM CONTROL NUMBER
system control number (BD-JhCC)1955
040 ## - CATALOGING SOURCE
Original cataloging agency BD-JhCC
Modifying agency BD-JhCC
041 ## - LANGUAGE CODE
Language code of Book eng
082 ## - DEWEY DECIMAL CLASSIFICATION NUMBER
Classification number 320.95492
Author mark and Year KHA 2000
100 ## - MAIN ENTRY--PERSONAL NAME
Personal name Khan, Manzur Rashid
245 ## - TITLE STATEMENT
Title Fall of Ershad and Rule of Shahabuddin ;
Remainder of title The Inside stories /
Statement of responsibility, etc Manzur Rashid Khan
250 ## - EDITION STATEMENT
Edition statement 1st Edi.
260 ## - PUBLICATION, DISTRIBUTION, ETC. (IMPRINT)
Place of publication, distribution, etc Dhaka :
Name of publisher, distributor, etc Agamee Prakashani,
Date of publication, distribution, etc 2000
300 ## - PHYSICAL DESCRIPTION
Pagination xiii, 119 p. :
Dimensions 22 cm.
650 ## - SUBJECT ADDED ENTRY--TOPICAL TERM
Topical term or geographic name as entry element Politics and government
Geographic subdivision Bangladesh
942 ## - ADDED ENTRY ELEMENTS (KOHA)
Source of classification or shelving scheme Dewey Decimal Classification
Koha item type Books
Holdings
Source of classification or shelving scheme Damaged status Not for loan Home library Current library Shelving location Date of accession Source of acquisition Cost, normal purchase price Total Checkouts Full call number Barcode Date last seen Copy number Koha item type
Dewey Decimal Classification     JCC Rouf Library JCC Rouf Library General Stacks 10/26/2017 Zahedee Foundation 200.00   320.95492 KHA 2000 3425 10/26/2017 C-1 Books

JCC Library | Contacts | JCC Home

Last Update on 23 September 2017
Copyright @ 2017-2020 JCC Rouf Library
Rouf Library, Jhenidah Cadet College (JCC), Bangladesh